Procesado de hortalizas
Enregistré dans:
| Auteurs principaux: | , |
|---|---|
| Format: | Livre |
| Langue: | espagnol |
| Publié: |
Zaragoza
Acribia
1992
|
| Sujets: | |
| Tags: |
Ajouter un tag
Pas de tags, Soyez le premier à ajouter un tag!
|
MARC
| LEADER | 00000nam a2200000 a 4500 | ||
|---|---|---|---|
| 001 | UCY0363 | ||
| 003 | CL-VaPUC | ||
| 008 | 940728e19920000SP |||||||||||||||||spa|d | ||
| 082 | 0 | 4 | |a 664.8 |b ART |2 21 |
| 100 | |a Arthey, David |e author |9 328021 | ||
| 700 | 0 | |a Dennis, Colin |e author |9 328022 | |
| 245 | 1 | 0 | |a Procesado de hortalizas |
| 300 | |a 317 p | ||
| 942 | |c BK | ||
| 945 | |d 19940728 00:00:00 |a mfernand | ||
| 260 | |a Zaragoza |b Acribia |c 1992 | ||
| 650 | 7 | |a PROCESAMIENTO DE HORTALIZAS |2 CL-VaPUC |9 259512 | |
| 583 | |a last modification |c 19940728 00:00:00 |k Rodrigo Vera | ||
| 999 | |c 229373 |d 229371 | ||
| 952 | |0 0 |1 0 |4 0 |6 664_800000000000000_ART_1992 |7 0 |8 A |9 230445 |a BIBAGR |b BIBAGR |d 2019-11-15 |i 2999455 |o 664.8 ART 1992 |p 2999455 |r 2025-01-20 |w 2019-11-15 |y BK |k AGR | ||
| 952 | |0 0 |1 0 |4 0 |6 664_800000000000000_ART_1992 |7 0 |8 A |9 230446 |a BIBALI |b BIBALI |c RES |d 2019-11-15 |i 3004635 |o 664.8 ART 1992 |p 3004635 |r 2025-01-20 |w 2019-11-15 |y BK_R |k ALI | ||
| 952 | |0 0 |1 0 |4 0 |6 664_800000000000000_ART_1992 |7 0 |8 A |9 230447 |a BIBALI |b BIBALI |c RES |d 2019-11-15 |i 3136744 |o 664.8 ART 1992 |p 3136744 |r 2025-01-20 |w 2019-11-15 |y BK_R |k ALI | ||